Quiz o Mrozach - Statystyki

Ogólne statystyki
  • Ten quiz został rozwiązany 8 razy
    2 od ostatniego zresetowania
  • Średni wynik to 6 z 16
Statystyki odpowiedzi
Wskazówka Odpowiedź % Poprawnych
Województwo Mazowieckie
100%
Powiat Miński
100%
Znajduje się w herbie Mrozów Czapka napoleońska
50%
Burmistrz Mrozów Dariusz Jaszczuk
50%
Rezerwaty przyrody na obszarze gminy Florianów
50%
Znajduje się w herbie Mrozów Liść dębu
50%
Rezerwaty przyrody na obszarze gminy Rudka sanatoryjna
50%
Najsłynniejsza atrakcja turystyczna Tramwaj konny
50%
Rzeka przepływająca przez Mrozy Trytwa
50%
Nazwa drużyny piłkarskiej z Mrozów Watra Mrozy
50%
Liczba mieszkańców w zaokrągleniu do tysięcy 4000
0%
Międzynarodowa trasa kolejowa przebiegająca przez miasto Paryż-Moskwa
0%
Znajduje się w herbie Mrozów Płatek śniegu
0%
Rezerwaty przyrody na obszarze gminy Przełom Witówki
0%
Rezerwaty przyrody na obszarze gminy Rogoźnica
0%
Rezerwaty przyrody na obszarze gminy Torfowisko Jeziorek
0%
Nie znaleziono quizów pasujących do podanych kryteriów
Rozkład punktacji
Procent ludzi z każdym wynikiem
Percentyl według liczby udzielonych odpowiedzi
Twoja historia wyników
Nie rozwiązałeś tego quizu od ostatniego zresetowania